000 00539nam a2200157Ia 4500
008 220217s9999 xx 000 0 und d
100 _aRajiv, S
245 0 _aNatural rubber latex carbon black masterbatch in comparison with conventional dry mix in tyre formulations
260 _bCochin University of Science and Technology (CUSAT)
_a Kochi
_c2017
300 _a118
500 _aCourse: MTech (Pol
500 _aT220
700 _aDr Jacob K Varkey;Joy Joseph
850 _aRubber Research Institute of India, Kottayam
942 _cTS
999 _c74302
_d74302